Disney Princesses and Their Families - Statistics

General Stats
  • This quiz has been taken 220 times
  • The average score is 35 of 61
Answer Stats
Hint Relation Character % Correct
Cinderella Princess Cinderella
98%
Moana Princess Moana
94%
Sleeping Beauty Princess Aurora
92%
Aladdin Princess Jasmine
92%
Mulan Princess Mulan
92%
Cinderella Husband Prince Charming
89%
Snow White and the Seven Dwarfs Princess Snow White
89%
Beauty and the Beast Husband Adam
88%
Aladdin Husband Aladdin
88%
The Little Mermaid Princess Ariel
88%
Beauty and the Beast Princess Belle
88%
Pocahontas Princess Pocahontas
88%
Tangled Princess Rapunzel
88%
Mulan Grandmother Grandmother Fa
85%
The Princess and the Frog Princess Tiana
85%
Brave Princess Merida
84%
Raya and the Last Dragon Princess Raya
82%
The Little Mermaid Husband Prince Eric
81%
Cinderella Stepsister Anastasia Tremaine
77%
Tangled Husband Eugene Fitzherbert
77%
Snow White and the Seven Dwarfs Husband The Prince
74%
Sleeping Beauty Husband Prince Phillip
73%
Cinderella Godmother Fairy Godmother
72%
Tangled Adoptive Mother Mother Gothel
72%
The Little Mermaid Father King Triton
71%
Cinderella Stepsister Drizella Tremaine
70%
Cinderella Stepmother Lady Tremaine
70%
The Princess and the Frog Husband Prince Naveen
66%
Mulan Husband Li Shang
63%
Snow White and the Seven Dwarfs Stepmother The Evil Queen
62%
Aladdin Father The Sultan
61%
Sleeping Beauty Adoptive Aunt Fauna
59%
Sleeping Beauty Adoptive Aunt Flora
59%
Beauty and the Beast Father Maurice
58%
Sleeping Beauty Adoptive Aunt Merryweather
52%
Mulan Mother Fa Li
48%
Mulan Father-in-Law General Li
44%
Sleeping Beauty Father King Stefan
36%
The Little Mermaid Sister Alana
34%
The Little Mermaid Sister Aquata
34%
Brave Mother Queen Elinor
33%
The Little Mermaid Sister Adella
32%
The Little Mermaid Sister Attina
32%
The Little Mermaid Sister Arista
31%
Brave Father King Fergus
29%
Moana Father Chief Tui Waialiki
28%
The Princess and the Frog Mother Eudora
28%
The Little Mermaid Sister Andrina
27%
Moana Grandmother Gramma Tala
26%
Sleeping Beauty Father-in-Law King Hubert
26%
Sleeping Beauty Mother Queen Leah
26%
Pocahontas Father Chief Powhatan
25%
Mulan Father Fa Zhou
25%
Brave Brother Hubert
25%
The Princess and the Frog Father James
23%
Moana Mother Sina Waialiki
23%
Brave Brother Hamish
22%
Tangled Mother Queen Arianna
20%
Brave Brother Harris
19%
Tangled Father King Frederic
17%
Raya and the Last Dragon Father Chief Benja
12%
No matching quizzes found
Score Distribution
Percent of People with Each Score
Percentile by Number Answered
Your Score History
You have not taken this quiz